Palais et Maisons du Caire IV
محفوظ في:
المؤلف الرئيسي:
مؤلفون آخرون:
التنسيق: كتاب
اللغة: Undetermined
منشور في:
Cairo
Institut Francais d'archeologie Orientale du Caire
2024
سلاسل:
Exeter French Texts, v.150
الموضوعات:
الوسوم: إضافة وسم
لا توجد وسوم, كن أول من يضع وسما على هذه التسجيلة!
رقم الطلب:
| LEADER | 00728nam a2200205Ia 4500 | ||
|---|---|---|---|
| 005 | 20250515095719.0 | ||
| 008 | 250515s9999||||xx |||||||||||||| ||und|| | ||
| 020 | |a 9782724710625 | ||
| 100 | 1 | |a IFAO | |
| 245 | 1 | 0 | |a Palais et Maisons du Caire IV |c IFAO |
| 264 | 1 | |a Cairo |b Institut Francais d'archeologie Orientale du Caire |c 2024 | |
| 300 | |a 433 |c 32 | ||
| 490 | 0 | |a Exeter French Texts, v.150 | |
| 650 | 4 | |a Architecture domestique Égypte Le Caire Dessins et plans | |
| 650 | 4 | |a Architecture islamique Égypte Le Caire Histoire | |
| 650 | 4 | |a Architecture ottomane Égypte Le Caire | |
| 650 | 4 | |a Architecture, Domestic Egypt Cairo Designs and plans | |
| 700 | 1 | |a Alexandre Lezine, Bernard Maury | |
| 942 | |2 lcc |c BK | ||
| 999 | |c 60932 |d 60932 | ||
